Billboard Hot Dance / Electronic Chart Year End 2021 - Statistics

General Stats
  • This quiz has been taken 6 times
  • The average score is 29 of 100
Answer Stats
Position on Year End Weeks On Peak Artist(s) Song % Correct
3 46 Weeks #2 Tiesto The Business
83%
19 13 Weeks #5 Topic x A7S Breaking Me
67%
8 12 Weeks #1 Elton John & Dua Lipa Cold Heart (PNAU Remix)
67%
15 12 Weeks #4 Tiesto & Karol G Don't Be Shy
67%
12 29 Weeks #5 Riton & Nightcrawlers ft. Mufasa & Hypeman Friday
67%
9 34 Weeks #3 Joel Corry x MNEK Head & Heart
67%
4 25 Weeks #1 surf mesa ft. emilee ily
67%
10 19 Weeks #2 J Balvin & Skrillex In da Getto
67%
17 20 Weeks #8 Shouse Love Tonight
67%
11 29 Weeks #5 MEDUZA & Dermot Kennedy Paradise
67%
5 18 Weeks #1 Farruko Pepas
67%
7 32 Weeks #3 Lady Gaga & Ariana Grande Rain On Me
67%
45 13 Weeks #10 Clean Bandit & Mabel ft. 24kGoldn Tick Tock
67%
6 28 Weeks #1 DJ Regard, Troye Sivan & Tate McRae You
67%
14 26 Weeks #6 Joel Corry x RAYE x David Guetta BED
50%
95 14 Weeks #25 Clean Bandit x Wes Nelson x Topic Drive
50%
1 51 Weeks #1 Travi$ Scott & HVME Goosebumps
50%
13 25 Weeks #6 Galantis, David Guetta & Little Mix Heartbreak Anthem
50%
27 20 Weeks #9 Clean Bandit ft. iann dior Higher
50%
16 20 Weeks #6 Sigala & James Arthur Lasting Lover
50%
39 16 Weeks #9 Swedish House Mafia ft. Ty Dolla $ign & 070 Shake Lifetime
50%
26 2 Weeks #2 Swedish House Mafia & The Weeknd Moth to a Flame
50%
23 17 Weeks #7 Marshmello & Demi Lovato OK Not to Be OK
50%
31 12 Weeks #9 Joel Corry, Jax Jones, Charli XCX & Saweetie Out Out
50%
30 20 Weeks #11 Majestic & Boney M. Rasputin
50%
36 20 Weeks #14 Becky Hill & David Guetta Remember
50%
76 11 Weeks #15 Navos Believe Me
33%
62 17 Weeks #11 Rita Ora, David Guetta & Imanbek ft. Gunna BIG
33%
21 20 Weeks #6 Calvin Harris ft. Tom Grennan By Your Side
33%
32 11 Weeks #10 Marshmello, Alesso & James Bay Chasing Stars
33%
40 22 Weeks #19 Galantis & JVKE Dandelion
33%
78 11 Weeks #12 Acraze ft. Cherish Do It To It
33%
98 11 Weeks #12 Anne-Marie x KSI x Digital Farm Animals Don't Play
33%
77 3 Weeks #6 Daft Punk ft. Pharrell Williams Get Lucky
33%
65 19 Weeks #19 Jonas Blue & LEON Hear Me Say
33%
80 16 Weeks #23 Jax Jones & Au/Ra i miss u
33%
72 18 Weeks #14 Zedd & Griff Inside Out
33%
75 15 Weeks #12 Silk City ft. Ellie Goulding New Love
33%
100 12 Weeks #15 Kylie Minogue & Dua Lipa Real Groove
33%
2 43 Weeks #2 SAINt JHN Roses (Imanbek Remix)
33%
25 20 Weeks #4 DJ Snake & Selena Gomez Selfish Love
33%
93 2 Weeks #4 DJ Snake, Ozuna, Lisa & Megan Thee Stallion SG
33%
84 3 Weeks #6 Bee Gees Stayin' Alive
33%
35 14 Weeks #11 Lost Frequencies & Calum Scott Where Are You Now
33%
60 18 Weeks #17 Sigala & Rita Ora You for Me
33%
92 13 Weeks #20 Robin Schulz ft. KIDDO All We Got
17%
54 16 Weeks #9 ILLENIUM & Tori Kelly Blame Myself
17%
63 17 Weeks #16 Topic & Bebe Rexha Chain My Heart
17%
73 19 Weeks #18 Petey Martin ft. Lauren Daigle Come Back Home
17%
87 18 Weeks #26 John Summit Deep End
17%
38 14 Weeks #8 Jhay Cortez & Skrillex En Mi Cuarto
17%
53 7 Weeks #9 Cannons Fire for You
17%
55 20 Weeks #11 Sia + David Guetta Floating Through Space
17%
74 10 Weeks #14 Zedd & Jasmine Thompson Funny
17%
46 20 Weeks #13 Alesso, CORSAK & Stray Kids Going Dumb
17%
37 23 Weeks #15 Imanbek & GOODBOYS Goodbye
17%
22 26 Weeks #11 Cheat Codes & AJ Mitchell Hate You + Love You
17%
96 11 Weeks #21 Ofenbach & Quarterhead ft. Norma Jean Martine Head, Shoulders, Knees & Toes
17%
66 11 Weeks #14 Pitbull ft. Anthony Watts & DJWS I Feel Good
17%
86 17 Weeks #19 David Guetta x MistaJam x John Newman If You Really Love Me (How Will I Know)
17%
88 18 Weeks #30 hentai xander in heat.
17%
29 20 Weeks #7 Studio Killers Jenny (I Wanna Ruin Our Friendship)
17%
58 14 Weeks #12 Cheat Codes & Tinashe Lean On Me
17%
79 12 Weeks #17 David Guetta & Sia Let's Love
17%
90 19 Weeks #30 Loud Luxury & Frank Walker ft. Stephen Puth Like Gold
17%
70 17 Weeks #12 Porter Robinson Look at the Sky
17%
20 12 Weeks #5 Kygo & OneRepublic Lose Somebody
17%
61 15 Weeks #17 twocolors Lovefool
17%
49 12 Weeks #9 Kygo ft. Zoe Wees Love Me Now
17%
81 20 Weeks #31 David Guetta ft. Kid Cudi Memories 2021
17%
47 6 Weeks #6 Bee Gees More Than a Woman
17%
34 15 Weeks #8 ILLENIUM Nightlight
17%
41 20 Weeks #13 NOTD & Catello Nobody
17%
82 3 Weeks #9 Daft Punk One More Time
17%
42 20 Weeks #10 Martin Garrix ft. Tove Lo Pressure
17%
71 12 Weeks #13 DJ Snake, Rick Ross & Rich Brian Run It
17%
83 14 Weeks #11 Marshmello Shockwave
17%
51 17 Weeks #13 Sam Feldt ft. Kesha Stronger
17%
89 13 Weeks #14 220 KID & LANY Stupid Feelings
17%
94 11 Weeks #13 Skrillex, Noisia, josh pan & Dylan Brady Supersonic (My Existence)
17%
52 20 Weeks #18 Alan Walker & Imanbek Sweet Dreams
17%
68 17 Weeks #14 Cash Cash ft. Wiz Khalifa & Lukas Graham Too Late
17%
44 18 Weeks #13 Marshmello & Imanbek ft. Usher Too Much
17%
59 20 Weeks #17 Diplo + Sonny Fodera Turn Back Time
17%
28 20 Weeks #10 Steve Aoki & Kiiara ft. Wiz Khalifa Used to Be
17%
57 20 Weeks #15 Ofenbach ft. Lagique Wasted Love
17%
24 14 Weeks #6 DJ Snake You Are My High
17%
18 26 Weeks #9 ATB x Topic x A7S Your Love (9PM)
17%
99 11 Weeks #18 RUFUS DU SOL Alive
0%
64 19 Weeks #20 The Knocks & Foster The People All About You
0%
43 5 Weeks #4 Farruko, Victor Cardenas & DJ Adoni El Incomprendido
0%
50 19 Weeks #11 ILLENIUM, Dabin & LIGHTS Hearts on Fire
0%
91 6 Weeks #12 Master KG ft. Burna Boy & Nomcebo Zikode Jerusalema
0%
67 18 Weeks #19 Alesso & Armin Van Buuren Leave a Little Love
0%
97 11 Weeks #19 RUFUS DU SOL Next to Me
0%
56 11 Weeks #12 Pet Shop Boys Opportunities (Let's Make Lots of Money)
0%
48 20 Weeks #13 Gryffin & Audrey Mika Safe With Me
0%
85 20 Weeks #34 The White Stripes Seven Nation Army (The Glitch Mob Remix)
0%
33 20 Weeks #10 ILLENIUM, Valerie Broussard & Nurko Sideways
0%
69 16 Weeks #12 Martin Garrix ft. Bono & The Edge We Are the People
0%
No matching quizzes found
Score Distribution
Percent of People with Each Score
Percentile by Number Answered
Your Score History
You have not taken this quiz